000 00606cam a22002171 4500
001 af 47003928
003 DLC
005 20260227110822.0
008 961014s1943 be fh 000 0 dut c
010 _aaf 47003928
035 _a(OCoLC)35731173
040 _aStanford Univ. Library
_cNN
_dNN
_dDLC
042 _apremarc
050 0 0 _aDH811.T5
_bR6
100 1 _aRock, Robert.
245 1 0 _aTienen;
_bmet 16 platen ...
260 _aBrussel,
_bN. v. Kunstkringuitgaven
_c[1943]
300 _a81 p., 3 l.
_b16 pl. (incl. facsim.) on 8 l.
_c18 cm.
490 0 _a"Onze steden"
651 0 _aTienen (Belgium).
999 _c2397
_d2397